Komparácia proexportnej politiky krajín Vyšehradskej skupiny diplomová práca

Enregistré dans:
Détails bibliographiques
Auteur principal: Bista, Samuel
Collectivité auteur: Fakulta medzinárodných vzťahov EU. Katedra medzinárodných ekonomických vzťahov a hospodárskej diplomacie
Autres auteurs: Jančovič, Peter, 1995-
Format: Livre
Langue:slovaque
Publié: Bratislava 2025
Tags: Ajouter un tag
Pas de tags, Soyez le premier à ajouter un tag!

MARC

LEADER 00000nbm a2200000 4500
001 0309547
005 20260115105838.1
041 0 |a slo 
044 |a SK 
245 1 0 |a Komparácia proexportnej politiky krajín Vyšehradskej skupiny  |b diplomová práca  |c Samuel Bista ; školiteľ: Peter Jančovič 
264 1 |a Bratislava  |c 2025 
300 |a 90 s. 
100 1 |a Bista, Samuel 
700 1 |a Jančovič, Peter, 1995- 
710 2 |a Fakulta medzinárodných vzťahov EU. Katedra medzinárodných ekonomických vzťahov a hospodárskej diplomacie